[Event "ESP-ch Amateurs U2000"]
[Site "Murcia"]
[Date "2022.08.31"]
[Round "3.3"]
[White "Garijo Perez, Hugo"]
[Black "Alonso Fernandez, Gonzalo"]
[Result "1-0"]
[WhiteElo "1962"]
[BlackElo "1825"]
[PlyCount "137"]
[EventDate "2022.08.30"]
[EventType "swiss"]
[EventRounds "7"]
[EventCountry "ESP"]
[SourceTitle "EXT 2024"]
[Source "ChessBase"]
[SourceDate "2023.10.10"]
[SourceVersion "1"]
[SourceVersionDate "2023.10.10"]
[SourceQuality "1"]

1. e4 e5 2. Nc3 Nf6 3. Bc4 Bc5 4. d3 0-0 5. f4 d6 6. Nf3 Nc6 7. Na4 Bg4 8. Nxc5 dxc5 9. c3 Qd6 10. f5 Na5 11. Qe2 Nxc4 12. dxc4 Rad8 13. Bg5 h6 14. Bxf6 Qxf6 15. 0-0 Rd6 16. Rad1 Rfd8 17. Rxd6 Qxd6 18. Qe3 Bxf3 19. Rxf3 b6 20. Rf1 Qd3 21. Qe1 Rd6 22. b3 Qc2 23. Rf2 Rd1 24. Rxc2 Rxe1+ 25. Kf2 Rxe4 26. g3 g6 27. fxg6 f5 28. Rd2 Kg7 29. Rd7+ Kxg6 30. Rxc7 f4 31. Rxa7 Re3 32. gxf4 exf4 33. Rb7 Rxc3 34. Rxb6+ Kg5 35. h4+ Kxh4 36. Rxh6+ Kg4 37. Rg6+ Kf5 38. Rc6 Ke4 39. Rxc5 Rc2+ 40. Ke1 f3 41. a4 f2+ 42. Kf1 Kf3 43. Rf5+ Ke3 44. Kg2 Rb2 45. Rf3+ Kd4 46. Kf1 Ke4 47. Rg3 Kd4 48. a5 Ra2 49. a6 Kc5 50. a7 Rxa7 51. Kxf2 Rd7 52. Ke2 Kb4 53. Rd3 Rh7 54. Ke3 Rh3+ 55. Ke4 Rh5 56. Rf3 Rg5 57. Rf5 Rg4+ 58. Kf3 Rd4 59. Rb5+ Kc3 60. c5 Rd5 61. Ke4 Rd8 62. c6 Rc8 63. Kd5 Rd8+ 64. Ke6 Rh8 65. c7 Rh6+ 66. Kd7 Rh7+ 67. Kc6 Rh6+ 68. Kb7 Rh7 69. Kb8 1-0

[Event "ESP-ch U18"]
[Site "Salobrena"]
[Date "2020.08.22"]
[Round "9"]
[White "Alonso Fernandez, Gonzalo"]
[Black "Del Carmen Hernandez, Aimer"]
[Result "0-1"]
[WhiteElo "1708"]
[BlackElo "2037"]
[PlyCount "106"]
[EventDate "2020.08.17"]
[EventType "swiss"]
[EventRounds "9"]
[EventCountry "ESP"]
[SourceTitle "CBM 197 Extra"]
[Source "ChessBase"]
[SourceDate "2020.09.30"]
[SourceVersion "1"]
[SourceVersionDate "2020.09.30"]
[SourceQuality "1"]

1. e4 c5 2. Nf3 Nc6 3. d4 cxd4 4. Nxd4 g6 5. c4 Bg7 6. Be3 Nf6 7. Nc3 Ng4 8. Qxg4 Nxd4 9. Qd1 Ne6 10. Qd3 Qa5 11. Bd2 Qe5 12. Qg3 d6 13. Qxe5 Bxe5 14. Bd3 Bd7 15. 0-0 Rc8 16. Rab1 Nf4 17. Bxf4 Bxf4 18. Nd5 Be5 19. Rfc1 e6 20. Nc3 Ke7 21. Ne2 g5 22. Rc2 h5 23. Rbc1 b6 24. g3 h4 25. g4 h3 26. Ng3 Bc6 27. Nh5 f5 28. exf5 exf5 29. Bxf5 Rcf8 30. Ng3 Rh4 31. b4 Bf3 32. c5 Bxg4 33. Bxg4 Rxg4 34. cxb6 axb6 35. Rc4 Rxc4 36. Rxc4 Ra8 37. Rc6 Rxa2 38. Rxb6 Ke6 39. Rc6 Bd4 40. Rc1 Bxf2+ 41. Kh1 Bxg3 42. hxg3 Rb2 43. Rc4 d5 44. Rg4 Kf5 45. Rd4 Ke5 46. Rg4 d4 47. Rxg5+ Ke4 48. Rg8 d3 49. Rd8 d2 50. b5 Rb1+ 51. Kh2 d1Q 52. Rxd1 Rxd1 53. Kxh3 Ke5 0-1